| 000 | nam a22 7a 4500 | ||
|---|---|---|---|
| 999 |
_c129643 _d129643 |
||
| 008 | 190523b xxu||||| |||| 00| 0 eng d | ||
| 020 | _a9780857213747 | ||
| 050 | _aDT2996.F854 2013 | ||
| 100 |
_aFreeth, Ben _946511 |
||
| 245 |
_aWhen governments stumble _blessons from Zimbabwe's past, hope in Africa's future _cBen Freeth |
||
| 260 |
_aOxford _bMonarch Books _c2013 |
||
| 300 |
_a224p. ; _c20cm. |
||
| 651 |
_aZimbabwe _xPolitics _y1980- _943106 |
||
| 651 |
_aZimbabwe _xEconomic conditions _y1980- _915169 |
||
| 942 |
_2lcc _cMONOGRAPH |
||